Wrocław - quiz wielokrotnego wyboru - Statystyki

Ogólne statystyki
  • Ten quiz został rozwiązany 1 213 razy
  • Średni wynik to 5 z 10
Statystyki odpowiedzi
Zagadnienie Odpowiedź % Poprawnych
Jakie figurki można znaleźć rozsiane po całym Wrocławiu, stanowiąc jedną z jego największych atrakcji turystycznych? Krasnoludki
96%
W którym roku miała miejsce powódź tysiąclecia, podczas której część Wrocławia została zalana? 1997
86%
Jaka słynna budowla znajduje się na Ostrowie Tumskim? Archikatedra św. Jana Chrzciciela
72%
Która z poniższych osób nigdy nie była prezydentem Wrocławia? Kornel Morawiecki
58%
Która z poniższych Bazylik Archikatedralnych znajduje się we Wrocławiu?
57%
Która postać historyczna jest jedyną upamiętnioną pomnikiem na wrocławskim Rynku? Aleksander Fredro
51%
Kto zaprojektował Halę Stulecia? Max Berg
45%
Jaka była pierwotna nazwa dla Uniwersytetu Wrocławskiego? Akademia Leopoldyńska
29%
Podczas którego z poniższych powstań Wrocław odegrał ważną rolę? Powstanie styczniowe
19%
Co jako jedno z pierwszych w Europie utworzono we Wrocławiu (bądź okolicach) 28 kwietnia 1933 roku? Obóz koncentracyjny
16%
Nie znaleziono quizów pasujących do podanych kryteriów
Rozkład punktacji
Procent ludzi z każdym wynikiem
Percentyl według liczby udzielonych odpowiedzi
Twoja historia wyników
Nie rozwiązałeś tego quizu